000 00514nam a22001817a 4500
003 OSt
005 20240625152329.0
008 240625b |||||||| |||| 00| 0 eng d
020 _a9780415130219
040 _cMUST
082 _a363.7 BAA 1996
100 _aBaarschers, William H
_917871
245 _aEco facts and Eco fiction
_bUnderstanding the Environmental Debate
_cWilliam H, Baarschers
300 _axiii, 264p
_bill.
_c25cm
504 _aindex
650 _2Environmental Education
942 _2ddc
_cO_SHELF
999 _c8843
_d8843